| 000 | 00629nam a2200181 i 4500 | ||
|---|---|---|---|
| 001 | 61746 | ||
| 003 | ES-MaACL | ||
| 005 | 20230906164531.0 | ||
| 007 | t| | ||
| 008 | 031113s1974 sp ||||1| spa d | ||
| 100 | 1 |
_aFahl, Gundolf. _948639 |
|
| 245 | 1 | 3 |
_aEl principio de la libertad de los mares _b: práctica de los Estados de 1493 a 1648 / _cGundolf Fahl ; traducción de Dora Schilling Thon. |
| 260 |
_aMadrid : _bInstituto de Estudios Políticos, _c1974. |
||
| 300 |
_aXV, 399 p. ; _c19 cm. |
||
| 650 | 4 |
_aLibertad de los mares. _9141054 |
|
| 700 | 1 |
_aThon, Dora Schilling. _9110124 |
|
| 852 |
_aES-MaACL _jL-2920 _bR.103451 |
||
| 999 |
_c61746 _d61746 |
||